000 00457nam a2200181Ia 4500
001 3822
005 20260306145711.0
008 260306t2011||||xx |||||||||||||| ||spa||
041 _aESP
082 _a303.484
_bF96
100 _aFunes, María Jesús
_eAUT
245 2 _aA propósito de tilly:
_bconflicto, poder y acción colectiva
260 _c2011
300 _a350 páginas :
_c24 cm.
650 _aGEN
654 _aCHU
942 _cLIB
_dJUS
_fJUS
_2ddc
_n
999 _c3822
_d3822